| 000 | 00808nam a22002177a 4500 | ||
|---|---|---|---|
| 005 | 20120110143311.0 | ||
| 010 | _aB-444560 | ||
| 020 |
_a9780448450230 _c99.00 |
||
| 035 | _aB-444560 | ||
| 037 |
_bBlue Berry/Ven _aDPL |
||
| 082 | _aS | ||
| 100 |
_aKirk, David _939173 |
||
| 245 |
_a Miss spider's sunny patch friends: _cby David Kirk _bThe Prince, the princess, and the Bee / |
||
| 260 |
_aNew York _bCallaway _c2008 |
||
| 270 |
_a345 Hudson Street _bNew York _e10014 |
||
| 300 |
_a32p. _c19cm. |
||
| 700 | _935775 | ||
| 942 |
_2ddc _cCH _mKIR _hS |
||
| 999 |
_c60619 _d60619 |
||